| 000 | 00716nam a22002177a 4500 | ||
|---|---|---|---|
| 999 |
_c16741 _d16741 |
||
| 003 | AR-CdUCM | ||
| 008 | 190506b ||||| |||| 00| 0 spa d | ||
| 040 |
_aMUNICIPALIDAD PROVINCIAL DEL CUSCO _cBIBLIOTECA MUNICIPAL DEL CUSCO |
||
| 041 | _hfre | ||
| 082 |
_a124.1 / _bR73 |
||
| 100 |
_aRodis-Lewis, Genevieve _936358 |
||
| 245 | _aDescartes y el racionalismo / | ||
| 260 |
_aBarcelona : _bOikos-Tau, _c1971. |
||
| 300 |
_a124 páginas ; _c18.5 cm. |
||
| 440 |
_a¿Qué sé? ; _n58 _936359 |
||
| 505 | _aContenido: Descartes -- Herencia de descartes y el gran racionalismo. | ||
| 650 |
_aRacionalismo _92602 |
||
| 700 |
_aDomingo, Francese (traductor) _936360 |
||
| 942 |
_2ddc _cLIBROS |
||
| 945 |
_aacv _d2019-05-06 |
||